LEADER 02019oam 2200613zu 450 001 9910782343503321 005 20210721054650.0 010 $a1-282-16291-8 010 $a9786612162916 010 $a90-272-9866-1 035 $a(CKB)1000000000552419 035 $a(SSID)ssj0000281395 035 $a(PQKBManifestationID)11259587 035 $a(PQKBTitleCode)TC0000281395 035 $a(PQKBWorkID)10307594 035 $a(PQKB)10276109 035 $a(MiAaPQ)EBC622783 035 $a(EXLCZ)991000000000552419 100 $a20160829d2000 uy 101 0 $aeng 181 $ctxt 182 $cc 183 $acr 200 00$aLetter Writing as a Social Practice 210 31$a[Place of publication not identified]$cJohn Benjamins Publishing Company$d2000 225 0 $aStudies in written language and literacy Letter writing as a social practice 300 $aBibliographic Level Mode of Issuance: Monograph 311 $a1-55619-207-X 311 $a90-272-1802-1 606 $aLetter writing$xSocial aspects$zEnglish-speaking countries 606 $aWritten communication$xSocial aspects$zEnglish-speaking countries 606 $aEnglish letters$xHistory and criticism 606 $aEnglish language$xRhetoric 606 $aLetter writing$xHistory 606 $aEnglish Language$2HILCC 606 $aEnglish$2HILCC 606 $aLanguages & Literatures$2HILCC 615 0$aLetter writing$xSocial aspects 615 0$aWritten communication$xSocial aspects 615 0$aEnglish letters$xHistory and criticism 615 0$aEnglish language$xRhetoric 615 0$aLetter writing$xHistory 615 7$aEnglish Language 615 7$aEnglish 615 7$aLanguages & Literatures 676 $a395.4 700 $aBarton$b David; Hall, Nigel$01468773 702 $aBarton$b David 702 $aHall$b Nigel 801 0$bPQKB 906 $aBOOK 912 $a9910782343503321 996 $aLetter Writing as a Social Practice$93680108 997 $aUNINA LEADER 02019nas 2200637- 450 001 996203501103316 005 20230506213019.0 011 $a2053-8871 035 $a(DE-599)ZDB2775181-8 035 $a(OCoLC)881478772 035 $a(CKB)2670000000560480 035 $a(CONSER)--2014254708 035 $a(EXLCZ)992670000000560480 100 $a20140618b20142021 --- a 101 0 $aeng 135 $aur||||||||||| 181 $ctxt$2rdacontent 182 $cc$2rdamedia 183 $acr$2rdacarrier 200 00$aCerebellum & ataxias 210 1$aLondon :$cBioMed Central,$d2014-2021 215 $a1 online resource 300 $aRefereed/Peer-reviewed 330 $a"Cerebellum & Ataxias is an open access journal devoted to cerebellar research and cerebellar disorders, including scientific reports and clinical cases of the numerous forms of ataxias." 517 1 $aCerebellum and ataxias 531 $aCEREBELLUM ATAXIAS 531 0 $aCerebellum ataxias 606 $aCerebellum$vPeriodicals 606 $aCerebellum$xDiseases$vPeriodicals 606 $aCerebellar ataxia$vPeriodicals 606 $aAtaxia$vPeriodicals 606 $aCerebellar Diseases 606 $aCerebellum 606 $aCerebellar Ataxia 606 $aAtaxia$2fast$3(OCoLC)fst00819923 606 $aCerebellar ataxia$2fast$3(OCoLC)fst00851251 606 $aCerebellum$2fast$3(OCoLC)fst00851256 606 $aCerebellum$xDiseases$2fast$3(OCoLC)fst00851261 608 $aPeriodical. 608 $aPeriodicals.$2fast 610 $aNeuroscience 615 0$aCerebellum 615 0$aCerebellum$xDiseases 615 0$aCerebellar ataxia 615 0$aAtaxia 615 12$aCerebellar Diseases. 615 22$aCerebellum. 615 22$aCerebellar Ataxia. 615 7$aAtaxia. 615 7$aCerebellar ataxia. 615 7$aCerebellum. 615 7$aCerebellum$xDiseases. 906 $aJOURNAL 912 $a996203501103316 996 $aCerebellum & ataxias$92141092 997 $aUNISA